Pasado presente y futuro del sistema de valorización / (Registro nro. 5806)

Detalles MARC
000 -LEADER
fixed length control field 01015nam a2200229Ia 4500
003 - CONTROL NUMBER IDENTIFIER
control field OSt
005 - DATE AND TIME OF LATEST TRANSACTION
control field 20200702124644.0
008 - FIXED-LENGTH DATA ELEMENTS--GENERAL INFORMATION
fixed length control field 191128s2001 ck fr 000 0 spa d
040 ## - CATALOGING SOURCE
Original cataloging agency CO-JMCR
Transcribing agency CO-JMCR
041 0# - LANGUAGE CODE
Language code of text/sound track or separate title spa
082 04 - DEWEY DECIMAL CLASSIFICATION NUMBER
Classification number 336.14 /
Item number C655p
Edition number 23
110 1# - MAIN ENTRY--CORPORATE NAME
Corporate name or jurisdiction name as entry element Medellín (Colombia)
Subordinate unit Concejo Municipal
9 (RLIN) 6490
245 10 - TITLE STATEMENT
Title Pasado presente y futuro del sistema de valorización /
Statement of responsibility, etc. Consejo de Medellín
260 ## - PUBLICATION, DISTRIBUTION, ETC.
Place of publication, distribution, etc. Medellín :
Name of publisher, distributor, etc. Consejo de Medellín,
Date of publication, distribution, etc. 2001
300 ## - PHYSICAL DESCRIPTION
Extent 84 páginas ;
Dimensions 28 cm.
505 0# - FORMATTED CONTENTS NOTE
Formatted contents note Pasado, presente y futuro del sistema de valorización -- Intervención del señor Presidente del Consejo de Medellín, José Leonardo Díaz Serna -- Interviene la señora Gerente (E) del Inval, doctora Victoria Eugenia Ramírez Vélez
650 14 - SUBJECT ADDED ENTRY--TOPICAL TERM
Topical term or geographic name entry element Valorización
Geographic subdivision Medellín (Colombia)
9 (RLIN) 6491
650 14 - SUBJECT ADDED ENTRY--TOPICAL TERM
Topical term or geographic name entry element Valorización
General subdivision historia
Geographic subdivision Medellín (Colombia)
9 (RLIN) 6492
650 14 - SUBJECT ADDED ENTRY--TOPICAL TERM
Topical term or geographic name entry element Valorización
General subdivision aspectos sociales
9 (RLIN) 6493
650 14 - SUBJECT ADDED ENTRY--TOPICAL TERM
Topical term or geographic name entry element Desarrollo urbano
Geographic subdivision Medellín (Colombia)
9 (RLIN) 6494
942 ## - ADDED ENTRY ELEMENTS (KOHA)
Source of classification or shelving scheme Dewey Decimal Classification
Koha item type Books
Existencias
Withdrawn status Lost status Source of classification or shelving scheme Damaged status Not for loan Collection code Home library Current library Date acquired Source of acquisition Cost, normal purchase price Total Checkouts Full call number Barcode Date last seen Copy number Koha item type
    Dewey Decimal Classification     Non-fiction Biblioteca Pública José María del Castillo y Rada Biblioteca Pública José María del Castillo y Rada 04/15/2018 Donación 0.00   336.14 / C655p 430004495 05/16/2024 Ej.1 Books